• 首页
  • 本馆介绍
  • 公告通知
  • 最新文献
  • 馆藏检索
  • 电子资源
  • 读者导购
  • 参考咨询
  • 我的图书馆
  • 登录
  • 详细信息显示
  • 放入我的书架
  • 预约/预借图书
  • 作者相关作品
  • 分类相关作品
  • 丛书相关作品
  • 出版社相关作品

书目信息

  • 表格格式
  • 工作单格式
  • 卡片格式
题名:
大气污染跨区影响研究
    
 
作者: 牛仁亮 , 任阵海 著
分册:  
出版信息: 北京   科学出版社  2006
页数: 16,263页
开本: 25cm
丛书名:
单 册:
中图分类: X820.3
科图分类:
主题词: 空气污染--环境影响--研究--华北地区
电子资源:
ISBN: 7-03-018033-X
000 01206nam0 2200277 45
001 012004095445
005 20070805152143.14
009 012004095445
010    @a7-03-018033-X@b精装@dCNY100.00
035    @a(110017)062002076477
100    @a20061218d2006 em y0chiy0110 ea
101 0  @achi
102    @aCN@b110000
105    @af z 000yy
106    @ar
200 1  @a大气污染跨区影响研究@Ada qi wu ran kua qu ying xiang yan jiu@e山西大气污染影响北京的案例分析@Eshan xi da qi wu ran ying xiang bei jing de an li fen xi@f牛仁亮, 任阵海等著@Fniu ren liang , ren zhen hai deng zhu
210    @a北京@c科学出版社@d2006
215    @a16,263页@c图版(16页)@d25cm
330    @a本书旨在解决经济与环境的协调发展问题,揭示大气污染的跨区域影响。将多种大气监测技术和区域大气污染数值模式系统进行有机地结合,定量地研究了山西大气污染对周边地区特别是对北京大气环境质量的影响,提出了区域协同对策。
517 1  @a山西大气污染影响北京的案例分析@Ashan xi da qi huran ying xiang bei jing de an li fen xi
606 0  @a空气污染@x环境影响@x研究@z华北地区
690    @aX820.3@v4
701  0 @a牛仁亮@Aniu ren liang@4著
701  0 @a任阵海@Aren zhen hai@4著
801  0 @aCN@b110017@c20070805
905    @dX820.3@e122@f1
    
    大气污染跨区影响研究:山西大气污染影响北京的案例分析/牛仁亮, 任阵海等著.-北京:科学出版社,2006
    16,263页:图版(16页);25cm
    
    
    ISBN 7-03-018033-X(精装):CNY100.00
    本书旨在解决经济与环境的协调发展问题,揭示大气污染的跨区域影响。将多种大气监测技术和区域大气污染数值模式系统进行有机地结合,定量地研究了山西大气污染对周边地区特别是对北京大气环境质量的影响,提出了区域协同对策。
●
相关链接 在E读中查询图书 在五车中查询图书 在当当中查询图书 在豆瓣中查询图书


正题名:大气污染跨区影响研究     索取号:X820.3/122         预约/预借

序号 登录号 条形码 馆藏地/架位号 状态 备注
1 0851701   208517014   第二样本阅览室/ [索取号:X820.3/122] 在馆    
唐山师范学院图书馆 欢迎您!
大连网信软件有限公司© 版权所有